000 00398nam a2200157 i 4500
001 bg
100 1 _aDUBININ, G. N.
245 0 _aKonstrukcionnye provadnikovye i magnitnye materialy /
_cG.N. Dubinin, J.S. Abramov.
260 _aMoskva,
_c1973.
700 1 _aABRAMOV, J. S.
040 _cBPK
041 _apol
080 _a669.017
942 _cKS
008 s pl f |000 0 pol
999 _c25727
_d25727
856 _uhttp://koha.tu.koszalin.pl/cgi-bin/koha/opac-detail.pl?biblionumber=25727
_yKatalog online BPK